Collapse of Darwinism or the rise of a realist theory of life (Record no. 775984)

MARC details
000 -LEADER
fixed length control field 00675nam a2200241Ia 4500
003 - CONTROL NUMBER IDENTIFIER
control field OSt
005 - DATE AND TIME OF LATEST TRANSACTION
control field 20220928124004.0
008 - FIXED-LENGTH DATA ELEMENTS--GENERAL INFORMATION
fixed length control field 220927b |||||||| |||| 00| 0 eng d
037 ## - SOURCE OF ACQUISITION
Terms of availability Textual
040 ## - CATALOGING SOURCE
Original cataloging agency SDCL
Transcribing agency SDCL
Language of cataloging eng
041 ## - LANGUAGE CODE
Source of code eng
Language code of text/sound track or separate title eng
100 ## - MAIN ENTRY--PERSONAL NAME
Personal name Snooks Graeme Donald
9 (RLIN) 463038
245 #0 - TITLE STATEMENT
Title Collapse of Darwinism or the rise of a realist theory of life
260 ## - PUBLICATION, DISTRIBUTION, ETC.
Place of publication, distribution, etc. Oxford
Name of publisher, distributor, etc. Lexington Books
Date of publication, distribution, etc. 2003
300 ## - PHYSICAL DESCRIPTION
Extent xv,340p
Dimensions cm.
650 ## - SUBJECT ADDED ENTRY--TOPICAL TERM
Topical term or geographic name entry element Evolution-Biology
9 (RLIN) 427884
942 ## - ADDED ENTRY ELEMENTS (KOHA)
Classification part G:66, P3
Koha item type Textual
Source of classification or shelving scheme Colon Classification (CC)
Holdings
Withdrawn status Lost status Damaged status Not for loan Home library Current library Date acquired Total Checkouts Full call number Barcode Date last seen Price effective from Koha item type
        South Campus Library South Campus Library 2022-09-28   G:66 P3 SC1247037 2022-09-28 2022-09-28 Textual
Copyright @ Delhi University Library System